000 00561nam a2200205Ia 4500
003 GCL
008 140319s9999 xx 000 0 eng d
020 _a0875962025
040 _aGCL /
_cGCL
082 0 4 _a613.25
_bB L
100 1 _aBRICKLIN, MARK
245 1 0 _aLOSE WEIGHT :
_bGUIDEBOOK : WEIGHT - LOSS WINNERS, SHARE THEIR SECRETS /
_cBRICKLIN, MARK
260 _a[S.N] :
_bRADUGA PUBLISHERS ،
_c1994
300 _a18 CM ؛
_cXV11, 284 P
650 0 4 _aHEALTH
650 0 4 _aWEIGHT
650 0 4 _aGUIDE BOOKS
650 0 4 _aWEIGHT LOSE
942 _2ddc
_cBK
999 _c4828
_d4828